000 00914nam a2200217Ii 4500
003 JO-AjNU
008 230605s9999||||xx |||||||||||||| ||und||
017 _a2007/11/3433
040 _aJO-AjNU
_bara
_erda
_cJO-AjNU
041 _aara
050 1 4 _aK845.I87.2008
100 3 _a العيسى ، طلال ياسين ، م. مشارك الصباحين ، سهى يحيى ,
_eauthor
_945925
245 0 0 _aالعقد الإلكتروني تحديد مفهومه وطبيعته وتكويناته والقانون واجب التطبيق علية
250 _a(د،ط)
264 3 1 _aعمان : دار البيروتي ، 2007
300 _a144ص
336 _atext
_btxt
_2rdacontent
337 _aunmediated
_bn
_2rdamedia
338 _avolume
_bnc
_2rdacarrier
650 4 _aالعقود العامة -- القانون الخاص -- القانون المدني -- القانون الدولي الخاص
_945926
999 _aA19942
_c23510
_d23510